Developing and using perfromance standards (Record no. 442764)

000 -LEADER
fixed length control field 00379cam a22001217a 4500
008 - FIXED-LENGTH DATA ELEMENTS--GENERAL INFORMATION
fixed length control field 180718b1937 xxu||||| |||| 00| 0 eng d
082 ## - DEWEY DECIMAL CLASSIFICATION NUMBER
Classification number K45 So13
100 ## - MAIN ENTRY--PERSONAL NAME
Personal name Ewy M. constance
245 ## - TITLE STATEMENT
Title Developing and using perfromance standards
Statement of responsibility, etc. by constance m. ewy
260 ## - PUBLICATION, DISTRIBUTION, ETC.
Place of publication, distribution, etc. Washington
Name of publisher, distributor, etc. The books and pamphlets publication committee
Date of publication, distribution, etc. 1937
300 ## - PHYSICAL DESCRIPTION
Extent 28p.
650 ## - SUBJECT ADDED ENTRY--TOPICAL TERM
Topical term or geographic name entry element Service rating
Holdings
Withdrawn status Lost status Damaged status Not for loan Permanent Location Current Location Date acquired Full call number Barcode Date last seen Price effective from Koha item type
        Indian Institute of Public Administration Indian Institute of Public Administration 2012-06-04 K45 So13 41695 2018-07-21 2018-07-21 Book

Powered by Koha